000
00311nam a2200121Ia 4500
008
241015s9999 xx 000 0 und d
041
_a
eng
082
_a
658.300 BE
100
_a
Bell/ Leopold
245
_a
Diversity In Organizations
260
_b
Cengage Learning India
_a
Dehli
_c
2022
300
_a
511;. P. 27 cm
999
_c
41789
_d
41789